MDQL
is popping MORE tags! Check the
thread
!
Quizzes
Events
Quiz Creation
Community
Videos
Private Events
Remove Ads
Sign In
Join for FREE
Feedback
Dark Mode
Quiz Categories
Sports
Geography
Music
Movies
Television
Just For Fun
Miscellaneous
History
Literature
Language
Science
Gaming
Entertainment
Religion
Holiday
For Kids
Quiz Lab
Recent
Popular Today
Quiz Kudos Today
Editor Picks
Curator Picks
Quizzes by...
Day
Popularity
Type
Ratings
Length
Year
Community
Subscriptions
Recent Discussions
Orange Saloon
Badges
Playlists
Quests
Create
Leaderboards
Showdown
Live 5
Trivia Bingo
Activity
Puzzle Library
Sporcle Events
Private Events
Virtual Trivia
Globe League
Become a Host
Pub Owners
SporcleCon
Opinionation
Our Games
Videos
Blog
Mobile Apps
Partnerships
Remove Ads and Go Orange
Feedback
Television
TV Characters
TV Show
Sitcom
Network
Friends
Reality Shows
Cast
South Park
Star Trek
The Simpsons
Doctor Who
Television
TV Characters
TV Show
Sitcom
Network
Friends
Reality Shows
Cast
South Park
Star Trek
The Simpsons
Doctor Who
Random Quiz
Search Sporcle
×
Quiz Lab
Quiz Lab
Television
The Simpsons
Type in answers that appear in a list
Type in answers that appear in a list
Classic
Best Score? Go Orange.
Simpsons quotes Stats
Can you name the Simpsons quotes?
By
gymguy30
8m
25 Questions
146 Plays
146 Plays
146 Plays
Comments
Comments
Give Quiz Kudos
Give Quiz Kudos
-
- Ratings
hide this ad
Replay
Link that replays current quiz
Next Quiz
Link to next quiz in quiz playlist
You Got
0%
They Got
Avg Score
48%
Avg Friend Score
Upgrade to see
Score Distribution
Jump to the score distribution portion of the page
Score
0/25
Timer
08:00
0
Plays Today
quote
missing word(s)
% Correct
Homer: Marge it takes two to lie, one to lie and one to _
_
_
_
_
_
(1)
listen
90.4%
Homer: Webster's dictionnary defines a wedding as the process of removing _
_
_
_
_
(1) from one's garden.
weeds
74%
Abe: Let's _
_
_
_
_
_
_
_
_
(1) him to our God!
sacrifice
71.2%
Homer: Young man, since you broke grampa's teeth, he gets to _
_
_
_
_
_
_
_
_
_
_
(2).
break yours
69.2%
Ned (weeping at his son's violin solo at a school talent show): My son, my son! Homer: Come on Flanders, he's not _
_
_
_
_
_
_
_
(2)!
that bad
61%
Homer: I bet Einstein turned himself all sorts of colors before he invented the _
_
_
_
_
_
_
_
_
(1).
lightbulb
60.3%
Mr Burns: Look Smithers, a bird has become petrified and lost its sense of direction. Smither: I think it's a _
_
_
_
(1) sir.
rock
60.3%
Moe: They think they're so high and mighty, just because they never got caught driving without _
_
_
_
_
(1).
pants
58.2%
Mr Burns: Have the _
_
_
_
_
_
_
_
_
_
_
_
_
_
(2) killed. Smithers: But sir, those aren't... Mr Burns: Do as I say!
Rolling Stones
54.1%
Otto: I stand on my record. 15 crashes and not a single _
_
_
_
_
_
_
_
(1).
fatality
54.1%
Satan: Remember: lie, cheat, steal and listen to _
_
_
_
_
_
_
_
_
_
_
(2) music
heavy metal
53.4%
Homer: Marge, if God didn't want us to eat in _
_
_
_
_
_
(1), he would have made gluttony a sin
church
52.1%
Satan: jury of the damned: Benedict Arnold, Lizzie Borden, Richard Nixon, John Wilkes Booth, Blackbeard the pirate, John Dillinger and the starting line of the 1976 _
_
_
_
_
_
_
_
_
_
_
(2).
Philadelphia Flyers
52.1%
quote
missing word(s)
% Correct
Mrs Bouvier: I swear Monty, you are the devil himself! Mr Burns: _
_
_
_
_
_
_
_
_
_
_
_
(3)?!
Who told you
45.2%
Belle: Are you wearing a _
_
_
_
_
_
_
_
_
_
_
(2)? Homer: I have misplaced my pants.
grocery bag
43.8%
Homer: Do your worst! Mr Burns: Do my worst, eh? Smithers, release the robotic _
_
_
_
_
_
_
_
_
_
_
_
_
_
_
(2)
Richard Simmons
43.2%
Snake: Close but no _
_
_
_
_
(1), cops!
donut
41.1%
Homer: I keep hearing this irregular thumping noise. Gas station attendant: It's your heart and I think it's on it's last thump! Homer: Whew! I was affraid it was my _
_
_
_
_
_
_
_
_
_
(1).
transmission
39.7%
Ox: Hey! you said you was _
_
_
(1).
dead
39%
Maude: Come on Ned, move this thing! Ned: I can't, it's a _
_
_
(1)!
Geo
38.4%
Willy: If elected mayor, my first act will be to kill the whole lot of you and burn your town to cinders! Workman (whispers): The mike's on. Willy: I _
_
_
_
_
_
_
_
_
(3)!
know it's on
37.7%
Homer: But doesn't the Bible also say ''Thou shalt not take _
_
_
_
_
_
_
_
(1) into thy hut''?
moochers
24%
Willy: Sounds like the gopher I caught in me _
_
_
_
_
_
_
_
_
(1)!
lawnmower
22.6%
Clerk: Wow, a fat sarcastic Star Trek fan, you must be a _
_
_
_
_
_
_
_
_
_
_
_
_
_
_
_
_
_
_
_
_
_
(4)!
devil with the ladies
19.2%
Homer: Now boy, we spent a lot of money so you'd better get real good real fast or _
_
_
(1)!
pow
18.5%
Quiz Playlist
Details
Report
Send in Message
Add To Playlist
Classic:
Type in answers that appear in a list
Last Updated: Feb 16, 2017
Quiz Scoreboard
CHALLENGE
Sign Up to Join the Scoreboard
Show All
Scores
Hide
Comments
May contain spoilers
Recently Published
Colored Red Africa Blitz
by spor1
Geography
30s
Find the 'City' Movie
by crazypaving
Movies
60s
5x2 Blitz: Bands
by SL_Kpop136
Music
30s
More to Explore
Quiz From the Vault
Featured Blog Post
14 Easter Pick-up Lines to Find Eggs With
hide this ad
You Might Also Like...
Tags
Quote Quiz
The Simpsons Quiz
Today's Top Quizzes in Television
Browse Television
hide this ad
Today's Top Quizzes in The Simpsons
Browse The Simpsons
Top Contributed Quizzes in Television
1
Survivor Journey Challenge
2
Survivor Logic Puzzle: Heroes vs. Villains
3
One Tree Hill Logic Puzzle
4
Phoebe Buffay Quotes
5
Game of Thrones: Tywin Lannister Start to Finish
6
Brooklyn Nine Nine Logic Puzzle (How-To-Play)
7
A Series of Unfortunate Events: Netflix Character Chain
8
All US Survivor Seasons in Order
9
Survivor: Criteria Castaways
10
A Series of Unfortunate Events: S3 Character Chain
Explore More
Trending Topics
Marvel
NBA
Anime
Harry Potter
Kpop
Crossword
Disney
Pokémon
NFL
Country
Song
The Office
Soccer
WWE
Puzzle
hide this ad
More By:
gymguy30
Quiz
Plays
Rating
Category
Featured
Created
NHL trivia Who am I?
3,010
4.50
Sports
Sep 22, 2011
NHL 100 point seasons
2,921
4.88
Sports
Dec 17, 2011
NHL 90 point scorers of the 2000s
2,636
4.57
Sports
Oct 23, 2011
Back to the Future Quiz
1,172
4.00
Movies
Aug 25, 2011
NHL 1000 points in 1000 games
965
4.58
Sports
Sep 20, 2011
Go to Creator's Profile
Score Distribution
Quiz Creator Spotlight
gymguy30
Follow
Send a Message
Quizzes Created
-
Created Quiz Play Count
-
More By This Creator
Popular Quizzes Today
1
Find the 'City' Movie
2
5x2 Blitz: Bands
3
Colored Red Africa Blitz
4
Find the US States - No Outlines Minefield
5
The Countries of the World
6
Find the US States
7
9x9 Crossword: Cartoon Network
8
US States
More Television Quizzes
TV Shows by Frenemies
Curator's Pick
Trending Quizzes
Colored Red Europe Blitz I
Colored Red Africa Blitz II
Colored Red Europe Blitz III
Colored Red Europe Blitz II
Colored Red Africa Blitz III
Recently Updated
Champions League XIs: Real Madrid
pecheneg
Largest US Cities 1790-2010
pecheneg
Rides in Walt Disney World
pecheneg
Most Oscar Losses (Acting)
pecheneg
Beyoncé Albums
pecheneg
Leaping Animals
pecheneg
Reality TV Shows (A-Z)
bhenderson79
Rickey Henderson's Hall of Fame Teammates
pecheneg
Champions League XIs: Arsenal
pecheneg
Quick Pick: Celebrities in WWE's Hall of Fame
aduchscher
Trending Topics
Kpop
Marvel
Anime
Harry Potter
NBA
Crossword
Disney
Country
Pokémon
Song
Soccer
The Office
Puzzle
NFL
WWE
Your Account Isn't Verified!
In order to create a playlist on Sporcle, you need to verify the email address you used during registration. Go to your
Sporcle Settings
to finish the process.
Report this User
Report this user for behavior that violates our
Community Guidelines
.
Details:
Send Report
Go to the Sporcle.com Mobile Site →
Comments